00481nam a2200193Ia 4500003000400000005001700004008004100021020002200062040000700084041000800091082001900099100002800118245002600146260005300172300001600225365001700241650001300258650001600271OSt20230622163941.0210423s2010 xx 000 0 und d a978-0-521-71507-2 cAL aeng a410 223bKREL aKRETZSCHMAR (William A) aLinguistics of speech aUnited kingdombCambridge University Pressc2010 axii,296bPB b3163.95cGBP aLanguage aLinguistics